Global issues

Shranjeno v:
Bibliografske podrobnosti
Main Authors: Sampedro, Ricardo (Author), Hillyard, Susan (Author)
Format: Knjiga
Jezik:angleščina
Izdano: Oxford Oxford University Press 2004
Izdaja:1a. ed
Serija:Resource Books for Teachers
Teme:
Oznake: Označite
Brez oznak, prvi označite!

MARC

LEADER 00000cam a2200000 a 4500
001 UCF9771
003 CL-VaPUC
008 131213e20040000uk |||||||||||||||||eng|d
020 |a 9780194371810 
082 0 4 |a 428  |b SAM  |2 21 
100 0 |a Sampedro, Ricardo  |e author  |9 572179 
700 0 |a Hillyard, Susan  |e author  |9 572180 
245 1 0 |a Global issues 
250 |a 1a. ed 
300 |a 148 p 
942 |c BK 
945 |d 20131213 11:12:00  |a dcastane 
260 |a Oxford  |b Oxford University Press  |c 2004 
650 0 |a Lengua inglesa  |9 318842 
650 0 |a Educación lingüística  |9 306506 
650 0 |a Enseñanza del inglés  |9 367340 
583 |a last modification  |c 20131213 11:12:00  |k Rodrigo Vera 
490 0 |a Resource Books for Teachers 
999 |c 354182  |d 354180 
952 |0 0  |1 0  |3 erb  |4 0  |6 428_000000000000000_SAM_2004  |7 0  |8 A  |9 459850  |a BIBEDU  |b BIBEDU  |i 5034981  |l 2  |o 428 SAM 2004  |p 5034981  |r 2025-04-21  |s 2025-04-21  |w 2019-11-23  |y BK  |z Catalogado en:20131213  |k LIT 
952 |0 0  |1 0  |3 erb  |4 0  |6 428_000000000000000_SAM_2004  |7 0  |8 A  |9 459851  |a BIBEDU  |b BIBEDU  |i 503499K  |o 428 SAM 2004  |p 503499K  |r 2019-11-23  |w 2019-11-23  |y BK  |z Catalogado en:20131213  |k LIT